| 000 | 00839nam a2200217 a 4500 | ||
|---|---|---|---|
| 005 | 20180803164957.0 | ||
| 008 | 140304s1998 pe abd fr||||o00| 0 spa d | ||
| 040 |
_aCO-BoIAVH _cCO-BoIAVH |
||
| 041 | 0 | _aspa | |
| 044 | _ape | ||
| 082 | 0 | 4 |
_a333.7317 _bI59p |
| 110 | 2 |
_bInstituto Nacional de Desarrollo. _aPerú. |
|
| 245 | 1 | 0 |
_aMacrozonificación ambiental de la cuenca del río Putumayo área peruana : _bplan Colombo-Peruano para el desarrollo integral de la cuenca del río Putumayo |
| 260 |
_aLima : _bSinchi : _bINADE : _bOEA, _c1998. |
||
| 300 |
_a47 páginas : _bIlustraciones, mapas, gráficos ; _c30 x 21 cm. |
||
| 504 | _aReferencias bibliográficas, páginas (45-46). | ||
| 650 | 1 | 6 | _aCuencas hidrográficas |
| 650 | 2 | 6 | _aZonificación ecológica |
| 662 |
_aColombia _cRío Putumayo |
||
| 942 |
_cLIBRO _2ddc |
||
| 999 |
_c2225 _d2225 |
||